|
|
|
|
| LEADER |
01214nam a2200349 4500 |
| 001 |
000015050 |
| 003 |
11421 |
| 005 |
20120521150540.0 |
| 008 |
120521s1996 viesd |
| 041 |
0 |
|
|a vie
|
| 082 |
|
|
|a 403.03
|b Tưđ
|
| 100 |
0 |
|
|a Nguyễn Như ý
|
| 245 |
|
0 |
|a Từ điển giải thích thuật ngữ ngôn ngữ học
|c Nguyễn Như ý (ch.b), Hà Quang Năng, Đỗ Việt Hùng, Đặng Ngọc Lệ
|
| 260 |
|
|
|a H.
|b Giáo dục
|c 1996
|
| 300 |
|
|
|a 499tr.
|b hình vẽ
|c 21 cm
|
| 653 |
|
|
|a ngôn ngữ học
|
| 653 |
|
|
|a thuật ngữ
|
| 653 |
|
|
|a từ điển
|
| 653 |
|
|
|a tiếng Việt
|
| 700 |
|
|
|a Hà Quang Năng
|e tác giả
|
| 700 |
|
|
|a Đặng Ngọc Lệ
|e tác giả
|
| 700 |
|
|
|a Đỗ Việt Hùng
|e tác giả
|
| OWN |
|
|
|a LSP
|
| AVA |
|
|
|a UDN50
|b LSP
|d 403.03 Tưđ
|e available
|t Error 5001 Not defined in file expand_doc_bib_avail.
|f 2
|g 0
|h N
|i 0
|k 1
|
| 999 |
|
|
|a From the UDN01
|
| AVA |
|
|
|a UDN50
|b LSP
|d 403.03 Tưđ
|e available
|t Error 5001 Not defined in file expand_doc_bib_avail.
|f 2
|g 0
|h N
|i 0
|k 1
|
| TYP |
|
|
|a Monograph
|
| TYP |
|
|
|a Printed language
|
| 980 |
|
|
|a Mạng thư viện Đại học Đà Nẵng
|